000 00940nam a22002771 4500
001 23537
003 BD-RjUL
005 20211209000936.0
008 140311s1952 maub b 001 0 eng
035 _a(BD-RjUL)23602
040 _aDLC
_cDLC
_dDLC
_dBD-RjUL
_beng
041 _aeng
082 0 0 _a973.1
_bDEC 1952
100 1 _aDe Voto, Bernard,
_d1897-1955.
_972444
245 1 4 _aThe course of empire /
_cBy Bernard De Voto ; with maps by Erwin Raisz.
260 _aBoston :
_bHoughton, Mifflin,
_c1952.
300 _axvii, 647 p. :
_bmaps (part col.) ;
_c22 cm.
504 _aBibliographical references included in "Notes" (p. 561-631) and index.
650 0 _aIndians of North America
_xHistory.
_972445
650 0 _aImperialism.
_972446
651 0 _aNorth America
_xDiscovery and exploration.
_972447
651 0 _aUnited States
_xTerritorial expansion.
_971651
942 _2ddc
_cBK
999 _c23537
_d23537